| 000 | 00626nam a2200205Ia 4500 | ||
|---|---|---|---|
| 005 | 20250508163448.0 | ||
| 008 | 008 250505s9999 xx 000 0 eng d | ||
| 037 | _aTextBook | ||
| 040 |
_aFEDL _beng _cFEDL |
||
| 041 |
_aeng _2eng |
||
| 084 |
_a370.954, IND _qFEDL |
||
| 245 | 0 | _aAnnual report 1990-91 Part 1 | |
| 245 | 0 | _cIndia, Human Resource Development (Ministry of...). Education (Deptt. of...) | |
| 260 |
_aDelhi, India _bManager of Publication _c1991 |
||
| 300 | _a365p | ||
| 546 | _aPublication No 1703 | ||
| 650 | _aEducation - India | ||
| 942 |
_cTB _h370.954, IND |
||
| 999 |
_c1383441 _d1383441 |
||